Ashapurna Devi and feminist consciousness in Bengal : a bio-critical reading (Record no. 445038)

000 -LEADER
fixed length control field 00459cam a22001337a 4500
008 - FIXED-LENGTH DATA ELEMENTS--GENERAL INFORMATION
fixed length control field 180718b2015 xxu||||| |||| 00| 0 eng d
020 ## - INTERNATIONAL STANDARD BOOK NUMBER
International Standard Book Number 9780198099994
082 ## - DEWEY DECIMAL CLASSIFICATION NUMBER
Classification number A99 As11/D262
100 ## - MAIN ENTRY--PERSONAL NAME
Personal name Datta, Dipannita
245 ## - TITLE STATEMENT
Title Ashapurna Devi and feminist consciousness in Bengal : a bio-critical reading
Statement of responsibility, etc. By Dipannita Datta
260 ## - PUBLICATION, DISTRIBUTION, ETC.
Place of publication, distribution, etc. New Delhi
Name of publisher, distributor, etc. Oxford Univ Press
Date of publication, distribution, etc. 2015
300 ## - PHYSICAL DESCRIPTION
Extent 335p.
650 ## - SUBJECT ADDED ENTRY--TOPICAL TERM
Topical term or geographic name entry element Asapurna Debi, 1909-1995 -- Political and social views
Holdings
Withdrawn status Lost status Damaged status Not for loan Permanent Location Current Location Date acquired Full call number Barcode Date last seen Price effective from Koha item type
        Indian Institute of Public Administration Indian Institute of Public Administration 2016-02-02 A99 As11/D262 86427 2018-07-21 2018-07-21 Book

Powered by Koha